Statistics for Popular Roblox youtubers

Click here to take the quiz!

General Stats

  • This quiz has been taken 365 times
  • The average score is 4 of 15

Answer Stats

# of subsAnswer% Correct
8.75M subsFlamingo
73%
9.07M subs (quit Roblox)Denis
68%
2.98M subs (New popular Youtuber)KreekCraft
52%
3.79M subsSketch
39%
7.3M subsItsFunneh
33%
24.9M subsDanTDM
31%
7.39M subs (copied other roblox youtubers)GamingWithKev
28%
7.35M subsThinkNoodles
21%
3.93M subsTofuu
18%
8.44M subsInquisitorMaster
16%
5.98M subsiamSanna
14%
14.9M subsCookieSwirlC
7%
1.19M subs (quit Youtube and maybe roblox)SeeDeng
5%
5.59M subsGamerGirl
2%
2.08M subsZephplayz
1%

Score Distribution

Percentile by Number Answered

Percent of People with Each Score

Your Score History

You have not taken this quiz